000 00751nam a2200265 i 4500
001 bg
100 1 _aRAWA, Henryk
245 1 0 _aElektryczność i magnetyzm w technice /
_cHenryk Rawa.
250 _aWyd. 2 popr. i uzup.
260 _aWarszawa :
_bWydaw. Naukowe PWN,
_c2001.
300 _a480, [2] s. :
_bil. ;
_c24 cm.
504 _aBibliogr.
650 9 _aModele matematyczne
_xstosowanie
_xtechnika
650 9 _aPole elektryczne
650 9 _aPole elektromagnetyczne
650 9 _aPole magnetyczne
655 _aPodręczniki akademickie
020 _a8301134828
040 _cBPK
041 0 _apl
080 _a621.318:537.5:519.86](075.8)
920 _a83-01-13482-8
942 _cKS
008 s pl f |000 0 pol
999 _c40692
_d40692
856 _uhttp://koha.tu.koszalin.pl/cgi-bin/koha/opac-detail.pl?biblionumber=40692
_yKatalog online BPK